000 01260nam0a22002651 4500
001 rc\2816223
005 20250806211130.0
035 _a(NLR Aleph) 006941950
090 _a39520
_c39520
100 _a20110915d1945 u y0rusy50 ca
101 0 _arus
102 _aRU
105 _aa z |||||
200 1 _aФерма-дорога с роликовыми каретками для подвески раздергивающихся кулис и раздвижных занавесов
_fП. А. Хропов
_gПод ред. и со вступ. статьей И. И. Флоринского
_gСценич. эксперим. лаборатория при МХАТ СССР им. М. Горького
210 _aМосква
_c[Музей МХАТ СССР им. Горького]
_d1945
_gф-ка юнош. книги изд-ва "Мол. гвардия"
215 _a34 с., без обл.
_cчерт.
_d17 см.
700 1 _aХропов
_bП.А.
_gПавел Алексеевич
702 1 _aФлоринский
_bИ.И.
_4340
_4080
801 0 _aRU
_bNLR
_gpsbo
801 1 _aRU
_bELAR
_2rusmarc
852 _aNLR
_jИс70 Г-2/80
942 _cBOOK
945 _aРоссийская национальная библиотека
980 _aNB
980 _aBV